Podstawy fizyki -teoria - Statystyki

Ogólne statystyki
  • Ten quiz został rozwiązany 1 166 razy
  • Średni wynik to 11 z 25
Statystyki odpowiedzi
Lp. Pytanie Odpowiedź % Poprawnych
2 Jaką nazwę nosi jednostka częstotliwości w układzie SI? Herc
87%
3 Jaką wielkość fizyczną można obliczyć wzorem W=F*s gdzie "F" to siła a "s" to przemieszczenie? Praca
86%
1 Jaką nazwę nosi prawo fizyki głoszące proporcjonalność natężenia prądu płynącego przez przewodnik do napięcia panującego między końcami przewodnika? Prawo Ohma
73%
4 Jeśli na ciało działa siła F1 równej 20N, której wektor skierowany jest w lewo oraz siła F2 równej 30N, której wektor skierowany jest w prawo, ile wynosi siła wypadkowa i w którym kierunku będzie przesuwać się ciało? 10 newtonów, w prawo
72%
15 Ile w stopniach Celsjusza wynosi tak zwane "zero bezwzględne"? -273,15*C
62%
8 Jakiej siły dotyczy tak zwane "Prawo Archimedesa"? Siła Wyporu
62%
14 Jaką nazwę nosi przyrząd pomiarowy, za pomocą którego mierzy się napięcie elektryczne? Woltomierz
61%
24 Ilorazem jakich wielkości jest prędkość? Drogi i Czasu
59%
19 Jak nazywamy materiał, w którym bardzo słabo przewodzony jest prąd elektryczny? Dielektryk
58%
7 Oblicz rezystancję wypadkową dla połączenia szeregowego gdzie R1=10Ω, R2=12Ω, R3=15Ω, R4=3Ω, R5=100Ω. 140Ω
56%
21 Jaką wielkość fizyczną obliczymy wzorem E=1/2m*V^2 gdzie m=masa a V=prędkość? Energia kinetyczna
55%
9 Jak według zasad dynamiki Newtona określamy ruch odbywający się wzdłuż prostej ze stałą prędkością? Ruch Jednostajny Prostoliniowy
55%
23 W czasie ruchu po okręgu jaką nazwę nosi siła działająca w kierunku środka okręgu po którym porusza się ciało? Siła Dośrodkowa
52%
16 Jak potocznie określa się uporządkowany ruch ładunków elektrycznych/przepływ elektronów w stanie wolnym? Prąd elektryczny
49%
13 Jaką nazwę nosi jednostka ładunku elektrycznego w układzie SI? Kulomb
48%
17 Jaką nazwą określa się wielkość skalarną określoną jako wartość siły działającej prostopadle do powierzchni podzielona przez powierzchnię na jaką ona działa? Ciśnienie
37%
20 Jaką nazwę nosi jednostka pojemności elektrycznej w układzie SI? Farad
28%
10 Jaką nazwą określa się ruch, który odbywa się jedynie przy pomocy grawitacji? Spadek Swobodny
28%
18 Dźwignia, kołowrót, klin, śruba, równia pochyła, wielokrążek to wszystko przykłady tak zwanych.... Maszyny Proste
22%
12 Jakiego zjawiska dotyczy pierwsza zasada dynamiki? Bezwładność
21%
5 Jaką nazwę nosi dział dynamiki, który bada związki pomiędzy ruchem ciał fizycznych a działającymi na nie siłami i momentami sił? Kinetyka
19%
6 Jaką nazwą określa się całość zjawisk fizycznych towarzyszących przemieszczaniu się względem siebie dwóch ciał fizycznych lub elementów tego samego ciała i powodujących rozpraszanie energii podczas ruchu? Tarcie
18%
11 Jaką nazwę noszą podstawowe równania klasycznej elektrodynamiki, opisujące związki pomiędzy natężeniami pola elektrycznego, magnetycznego i ładunkiem elektrycznym? Równania Maxwella
13%
22 Jakie zjawisko, które wspólnie tworzą zmienne, wirowe pole magnetyczne i zmienne, wirowe pole elektryczne? Pole elektromagnetyczne
7%
25 Jaką nazwą określa się siłę, która pozwala na przełamanie siły grawitacji? Siła Nośna
4%
Nie znaleziono quizów pasujących do podanych kryteriów
Rozkład punktacji
Procent ludzi z każdym wynikiem
Percentyl według liczby udzielonych odpowiedzi
Twoja historia wyników
Nie rozwiązałeś tego quizu